| 000 | 00913nam a22002657a 4500 | ||
|---|---|---|---|
| 999 |
_c21415 _d21415 |
||
| 003 | AR-CdUCM | ||
| 008 | 190319b ||||| |||| 00| 0 spa d | ||
| 020 | _a9789972572746 | ||
| 040 |
_aMUNICIPALIDAD PROVINCIAL DEL CUSCO _cBIBLIOTECA MUNICIPAL DEL CUSCO |
||
| 082 |
_a511/Z95 _bZ95 |
||
| 100 |
_aZúñiga, Javier _944676 |
||
| 245 | _aPrecálculo / | ||
| 260 |
_aLima ; _bUniversidad del Pacífico, _c2017. |
||
| 300 |
_a156 Páginas. : _c22x17 cm. |
||
| 440 |
_aApuntes de estudio. _n77 _944677 |
||
| 505 | _aContenido: Lógica y conjuntos -- Geometría analítica -- Sistemas de ecuaciones e inecuaciones -- Funciones. | ||
| 650 |
_aTeoría de conjuntos _99400 |
||
| 650 |
_aGeometría analítica _944678 |
||
| 650 |
_aFunciones _920052 |
||
| 650 |
_aMatemáticas _99398 |
||
| 650 |
_aProblemas ejercicios _944679 |
||
| 710 |
_aUniversidad del Pacífico _98279 |
||
| 942 |
_2ddc _cLIBROS |
||
| 945 | _aRoel | ||